Italian cities on rivers Quiz Stats

 Plays Quiz not verified by Sporcle

Score 0/40 Timer 12:00
0 Plays Today
% Correct
Roma
100%
Florence
100%
Turin
95.2%
Verona
85.7%
Bologna
83.3%
Trento
76.2%
Bolzano
69%
Pisa
69%
Padua
57.1%
Ferrara
45.2%
Perugia
45.2%
Piacenza
42.9%
Ravenna
40.5%
Cremona
35.7%
Arezzo
28.6%
Empoli
26.2%
Rovigo
21.4%
Fiumicino
21.4%
Belluno
19%
Lodi
19%
% Correct
Lecco
16.7%
Sondrio
14.3%
San Donà di Piave
11.9%
Casalecchio di Reno
11.9%
Lido di Jesolo
9.5%
Moncalieri
9.5%
Chioggia
9.5%
Monterotondo
9.5%
Chioggia
9.5%
Cittadella
9.5%
Bassano del Grappa
9.5%
Cento
9.5%
Feltre
7.1%
Città di Castello
7.1%
Scandicci
7.1%
Argenta
7.1%
San Biagio di Callalta
4.8%
Calolziocorte
4.8%
Morbegno
4.8%
Vigonza
4.8%

You're not logged in!

Compare scores with friends on all Sporcle quizzes.
OR
Log In

Show Comments

Extras

Top Quizzes Today


Score Distribution

Your Account Isn't Verified!

In order to create a playlist on Sporcle, you need to verify the email address you used during registration. Go to your Sporcle Settings to finish the process.

Report this User

Report this user for behavior that violates our Community Guidelines.

Details: